000 01214nam a2200229Ia 4500
001 L194-1839
003 IT-CnALBA
008 170116s9999||||xx |||||||||||||| ||und||
040 _aIT-CnALBA
_cIT-CnALBA
041 _aITALIANO
100 _aALESSIO P. FRANCO
245 0 _aSTUDI SUL NEOSPIRITUALISMO.
250 _a1a ed.
260 _a ROMA- MILANO - TORINO
_bFRATELLI BOCCA EDIT.
_c1953 [1° Ed.:1953 - Ed.Ling.Originale: 1953]
300 _a256 p. (prefazione: 5)
500 _aFILOSOFIA PROBLEMA INTERIORE DI CARLINI A. SPIRITUALISMO IDEALISTICO E IDEALISMO SPIRITUALISTICOFILOSOFIA COME ERMENEUTICA DELL'ESPERIENZA DI GUZZO A. FILOSOFIA COME COMMENTARIO IDEOESISTENZIALE DI LE SENNE R. DIALETTICA INTERNA DEL NEOSPIRITUALISMO. META
501 _aSocietà San Paolo EM - Piazza San Paolo, 14 - 12051 ALBA (CN) (non commercial uses only) ® Copyright 2017
520 _aFILOSOFIA PROBLEMA INTERIORE DI CARLINI A. SPIRITUALISMO IDEALISTICO E IDEALISMO SPIRITUALISTICOFILOSOFIA COME ERMENEUTICA DELL'ESPERIENZA DI GUZZO A. FILOSOFIA COME COMMENTARIO IDEOESISTENZIALE DI LE SENNE R. DIALETTICA INTERNA DEL NEOSPIRITUALISMO. META
650 _aFILOSOFIA FRANCESE
942 _cBK
957 _71
999 _a2820
_bNO
_g Copie: 1
_c261057
_d261057